[Event "Yalta Yialos Blitz"]
[Site "Yalta"]
[Date "2022.08.31"]
[Round "11"]
[White "Belmeskin, Ilia"]
[Black "Derjabin, Ilja"]
[Result "0-1"]
[WhiteElo "2193"]
[BlackElo "2333"]
[PlyCount "70"]
[EventDate "2022.08.31"]
[EventType "swiss (blitz)"]
[EventRounds "13"]
[EventCountry "UKR"]
[SourceTitle "CBM 210 Extra"]
[Source "ChessBase"]
[SourceDate "2022.11.30"]
[SourceVersion "1"]
[SourceVersionDate "2022.11.30"]
[SourceQuality "1"]

1. d4 Nf6 2. c4 c5 3. Nf3 cxd4 4. Nxd4 e5 5. Nf3 Nc6 6. Nc3 Bb4 7. Bg5 h6 8. Bxf6 Qxf6 9. Qc2 Nd4 10. Qd3 d5 11. cxd5 0-0 12. e4 Bg4 13. Be2 Rac8 14. Rc1 Bxf3 15. Bxf3 Rc7 16. 0-0 a6 17. a3 Bd6 18. Ne2 Nxe2+ 19. Qxe2 Rfc8 20. Rxc7 Rxc7 21. h3 Bc5 22. Bg4 Bd4 23. Rb1 g6 24. g3 b5 25. Kg2 h5 26. Bf3 Qg5 27. h4 Qf6 28. Qd2 Qb6 29. Rf1 Qc5 30. Bd1 Qc4 31. Be2 Qc2 32. Rd1 Qxe4+ 33. Bf3 Qf5 34. b3 Rc2 35. Qd3 Rxf2+ 0-1

[Event "Yalta Yialos Blitz"]
[Site "Yalta"]
[Date "2022.08.31"]
[Round "13"]
[White "Belmeskin, Ilia"]
[Black "Kryakvin, Andrey"]
[Result "1-0"]
[WhiteElo "2193"]
[BlackElo "1526"]
[PlyCount "57"]
[EventDate "2022.08.31"]
[EventType "swiss (blitz)"]
[EventRounds "13"]
[EventCountry "UKR"]
[SourceTitle "CBM 210 Extra"]
[Source "ChessBase"]
[SourceDate "2022.11.30"]
[SourceVersion "1"]
[SourceVersionDate "2022.11.30"]
[SourceQuality "1"]

1. d4 Nf6 2. c4 e6 3. Nc3 Bb4 4. Qc2 d5 5. cxd5 exd5 6. Bg5 0-0 7. e3 h6 8. Bh4 c6 9. Bd3 Nbd7 10. Nf3 b6 11. 0-0 Bb7 12. Rfd1 Rc8 13. Rac1 Qe7 14. Bf5 Rfd8 15. Ne5 Nxe5 16. dxe5 Qxe5 17. Bg3 Qe7 18. Bxc8 Rxc8 19. a3 Bxc3 20. Qxc3 Ne4 21. Qe5 Qd7 22. Qxe4 Re8 23. Qf4 Qe6 24. h3 Ba6 25. Rd4 Bc4 26. Qd6 Qf5 27. Qxc6 Re4 28. Rcxc4 Rxe3 29. Qc8+ 1-0

[Event "Yalta Yialos Blitz"]
[Site "Yalta"]
[Date "2022.08.31"]
[Round "8"]
[White "Vasilevich, Tatjana"]
[Black "Belmeskin, Ilia"]
[Result "1/2-1/2"]
[WhiteElo "2326"]
[BlackElo "2193"]
[PlyCount "77"]
[EventDate "2022.08.31"]
[EventType "swiss (blitz)"]
[EventRounds "13"]
[EventCountry "UKR"]
[SourceTitle "CBM 210 Extra"]
[Source "ChessBase"]
[SourceDate "2022.11.30"]
[SourceVersion "1"]
[SourceVersionDate "2022.11.30"]
[SourceQuality "1"]

1. d4 d5 2. c4 e6 3. Nc3 c6 4. e3 Bd6 5. Nf3 f5 6. Be2 Nf6 7. 0-0 Nbd7 8. b3 0-0 9. Bb2 b6 10. Qc2 Bb7 11. cxd5 Nxd5 12. Rac1 Rc8 13. Rfd1 Qe7 14. Nxd5 cxd5 15. Qb1 h6 16. Ne5 Nxe5 17. dxe5 Ba3 18. Rxc8 Rxc8 19. Rc1 Rxc1+ 20. Qxc1 Bxb2 21. Qxb2 Qc5 22. h3 Kf7 23. Bd3 Bc6 24. Kh2 Bd7 25. Qe2 Qc3 26. f4 Kf8 27. Qc2 Qc5 28. Qxc5+ bxc5 29. Kg1 Ke7 30. Kf2 Kd8 31. Ke2 Kc7 32. Kd2 Kb6 33. Be2 Be8 34. Kc3 a5 35. Bd1 g6 36. h4 h5 37. Be2 Bb5 38. Bf3 Bf1 39. g3 1/2-1/2

[Event "Yalta Yialos Rapid"]
[Site "Yalta"]
[Date "2022.08.03"]
[Round "11"]
[White "Belmeskin, Ilia"]
[Black "Krepkiy, Igor"]
[Result "1-0"]
[WhiteElo "2193"]
[BlackElo "1547"]
[PlyCount "75"]
[EventDate "2022.08.01"]
[EventType "swiss (rapid)"]
[EventRounds "11"]
[EventCountry "UKR"]
[SourceTitle "EXT 2023"]
[Source "ChessBase"]
[SourceDate "2022.10.05"]
[SourceVersion "1"]
[SourceVersionDate "2022.10.05"]
[SourceQuality "1"]

1. d4 Nf6 2. c4 g6 3. Nc3 Bg7 4. Nf3 0-0 5. Bg5 c6 6. e3 d5 7. h3 h6 8. Bh4 Nbd7 9. Qc2 Nb6 10. c5 Nbd7 11. Be2 Re8 12. 0-0 e5 13. dxe5 Nxe5 14. Nd4 Qe7 15. b4 Be6 16. Rad1 Rad8 17. Bg3 Nfd7 18. e4 Nf8 19. Nxe6 fxe6 20. f4 Nf7 21. e5 Qc7 22. a3 b6 23. Na4 b5 24. Nc3 a5 25. Bd3 Kh7 26. Ne2 axb4 27. axb4 Ra8 28. Nd4 Ra4 29. Rb1 Qd7 30. Nf3 Qa7 31. Rb2 Ra3 32. Nd4 Qd7 33. Be1 Nxe5 34. fxe5 Bxe5 35. Nf3 Bxb2 36. Qxb2 Ra7 37. Ne5 Qc7 38. Ng4 1-0

[Event "Yalta Yialos Rapid"]
[Site "Yalta"]
[Date "2022.08.02"]
[Round "7"]
[White "Belmeskin, Ilia"]
[Black "Kryakvin, Dmitry"]
[Result "0-1"]
[WhiteElo "2193"]
[BlackElo "2505"]
[PlyCount "146"]
[EventDate "2022.08.01"]
[EventType "swiss (rapid)"]
[EventRounds "11"]
[EventCountry "UKR"]
[SourceTitle "EXT 2023"]
[Source "ChessBase"]
[SourceDate "2022.10.05"]
[SourceVersion "1"]
[SourceVersionDate "2022.10.05"]
[SourceQuality "1"]

1. d4 Nf6 2. c4 e6 3. Nc3 Bb4 4. Qc2 d6 5. Nf3 Nbd7 6. g3 b6 7. Bg2 Bb7 8. 0-0 Bxc3 9. Qxc3 0-0 10. b3 Be4 11. Bb2 a6 12. Rfd1 Qb8 13. Rac1 h6 14. h3 Re8 15. Qd2 Qb7 16. Kh2 b5 17. c5 Qd5 18. Ne1 Bxg2 19. Nxg2 Qf5 20. cxd6 cxd6 21. Qf4 Rac8 22. Ba3 d5 23. Bb4 Nf8 24. Nh4 Qh5 25. Qf3 Qxf3 26. Nxf3 Ne4 27. Kg2 Nd7 28. Ne1 Nb8 29. f3 Nf6 30. Nd3 Nfd7 31. e3 f6 32. Kf2 Kf7 33. g4 e5 34. Bd6 Nc6 35. Nc5 Nxc5 36. Bxc5 Ke6 37. Rd2 exd4 38. exd4 Kd7 39. Re1 Rxe1 40. Kxe1 Nd8 41. Re2 Ne6 42. b4 Re8 43. h4 h5 44. Kf2 g6 45. Kg3 Rg8 46. Re1 Ra8 47. Rb1 Re8 48. Re1 Ra8 49. Rb1 Re8 50. Re1 Nd8 51. Rxe8 Kxe8 52. Kf4 Ne6+ 53. Kg3 Kf7 54. Bb6 f5 55. gxh5 gxh5 56. Bc5 f4+ 57. Kg2 Kg6 58. Bb6 Ng7 59. Kh3 Nf5 60. Bc5 Ne3 61. Ba7 Kf5 62. Bb6 Nd1 63. Kg2 Nc3 64. Kf2 Nxa2 65. Bc5 Nc1 66. Ke1 Nd3+ 67. Kd2 Nb2 68. Kc3 Nc4 69. Be7 Ne3 70. Kd3 Nc4 71. Kc3 a5 72. bxa5 Nxa5 73. Kb4 Nc6+ 0-1

[Event "Sochi Doroshkevich Amateur op"]
[Site "Sochi"]
[Date "2017.12.27"]
[Round "8"]
[White "Maratkanov, Evgeny"]
[Black "Belmeskin, Ilia"]
[Result "0-1"]
[WhiteElo "2130"]
[BlackElo "2215"]
[PlyCount "62"]
[EventDate "2017.12.21"]
[EventType "swiss"]
[EventRounds "9"]
[EventCountry "RUS"]
[SourceTitle "CBM 182 Extra"]
[Source "ChessBase"]
[SourceDate "2018.02.23"]
[SourceVersion "1"]
[SourceVersionDate "2018.02.23"]
[SourceQuality "1"]

1. c4 c6 2. g3 d5 3. d4 e6 4. Nf3 Bd6 5. Bg2 f5 6. 0-0 Nf6 7. Nc3 0-0 8. Bf4 Ne4 9. Bxd6 Qxd6 10. Qc2 Nd7 11. Rfd1 b6 12. cxd5 exd5 13. e3 Bb7 14. Rab1 h6 15. b4 g5 16. a4 a6 17. a5 b5 18. Ne2 Rae8 19. Nc1 f4 20. gxf4 gxf4 21. Nd3 Re7 22. exf4 Rxf4 23. Nxf4 Qxf4 24. Kh1 Rg7 25. Rb3 Ndf6 26. Bh3 h5 27. Rg1 Ng4 28. Bxg4 hxg4 29. Rg3 gxf3 30. Rbxf3 Nxg3+ 31. fxg3 Qxd4 0-1

[Event "Krasnoyarsk Regional-ch"]
[Site "Krasnoyarsk"]
[Date "2017.10.03"]
[Round "3"]
[White "Miroshnichenko, Grigory"]
[Black "Belmeskin, Ilia"]
[Result "0-1"]
[WhiteElo "1873"]
[BlackElo "2242"]
[PlyCount "68"]
[EventDate "2017.09.30"]
[EventType "swiss"]
[EventRounds "9"]
[EventCountry "RUS"]
[SourceTitle "CBM 181 Extra"]
[Source "ChessBase"]
[SourceDate "2017.12.12"]
[SourceVersion "1"]
[SourceVersionDate "2017.12.12"]
[SourceQuality "1"]

1. d4 e6 2. Nf3 c5 3. Bf4 Nc6 4. e3 Qb6 5. b3 Nf6 6. c3 Nh5 7. Bg3 Nxg3 8. hxg3 Be7 9. Bd3 Qa5 10. Qc2 h6 11. Nbd2 d5 12. 0-0 0-0 13. a3 Qc7 14. c4 cxd4 15. Nxd4 Nxd4 16. exd4 dxc4 17. Qxc4 Qxc4 18. Bxc4 Rd8 19. Nf3 b6 20. Rfd1 Bb7 21. Ne5 Rac8 22. Ng4 Rc7 23. Ne5 Bd5 24. Bxd5 Rxd5 25. Rd3 Bf6 26. f4 Be7 27. a4 f6 28. Nc4 Bc5 29. Rad1 Rcd7 30. dxc5 Rxd3 31. Rxd3 Rxd3 32. c6 Rd8 33. b4 Rd1+ 34. Kf2 Rc1 0-1

[Event "Krasnoyarsk-ch"]
[Site "Krasnoyarsk"]
[Date "2016.03.01"]
[Round "4"]
[White "Lebedev, Alexander"]
[Black "Belmeskin, Ilia"]
[Result "0-1"]
[WhiteElo "2184"]
[BlackElo "2246"]
[PlyCount "78"]
[EventDate "2016.02.01"]
[EventType "swiss"]
[EventRounds "9"]
[EventCountry "RUS"]
[SourceTitle "CBM 171 Extra"]
[Source "ChessBase"]
[SourceDate "2016.04.26"]
[SourceVersion "1"]
[SourceVersionDate "2016.04.26"]
[SourceQuality "1"]

1. d4 d5 2. c4 e6 3. Nc3 c6 4. Nf3 dxc4 5. a4 Bb4 6. e3 b5 7. Bd2 a5 8. axb5 Bxc3 9. Bxc3 cxb5 10. b3 Bb7 11. d5 Nf6 12. bxc4 b4 13. Bxf6 gxf6 14. Nd4 exd5 15. c5 Na6 16. Qg4 Nxc5 17. Qg7 Kd7 18. Bb5+ Kc7 19. Qxf7+ Kb8 20. 0-0 Qd6 21. Qh5 Rc8 22. Be2 Ne4 23. Rfd1 Nc3 24. Rd2 Rc7 25. Rb2 Ba6 26. Bxa6 Rxa6 27. Qe8+ Kb7 28. Nb5 Nxb5 29. Qxb5+ Ka7 30. g3 Qc5 31. Qa4 Qc6 32. Qd1 Qb5 33. Qd4+ Ka8 34. Kg2 Rb7 35. Rc2 a4 36. Rc5 Qb6 37. Rac1 b3 38. Ra1 a3 39. Qd3 a2 0-1

[Event "Krasnoyarsk Marchko Memorial"]
[Site "Krasnoyarsk"]
[Date "2015.12.26"]
[Round "8"]
[White "Belmeskin, Ilia"]
[Black "Anikonov, Dmitry"]
[Result "0-1"]
[WhiteElo "2235"]
[BlackElo "2370"]
[PlyCount "130"]
[EventDate "2015.12.19"]
[EventType "tourn"]
[EventRounds "9"]
[EventCountry "RUS"]
[SourceTitle "EXT 2018"]
[Source "ChessBase"]
[SourceDate "2017.10.13"]
[SourceVersion "1"]
[SourceVersionDate "2017.10.13"]
[SourceQuality "1"]

1. d4 d6 2. Nf3 Bg4 3. c4 c6 4. Nc3 Nd7 5. e4 e5 6. Be3 Ngf6 7. h3 Bh5 8. g4 Bg6 9. Bd3 Qc7 10. Nh4 Be7 11. Nf5 Bxf5 12. gxf5 d5 13. cxd5 cxd5 14. Rc1 Bb4 15. 0-0 Bxc3 16. Rxc3 Qa5 17. dxe5 Nxe5 18. Rc5 Qd8 19. Bb5+ Kf8 20. f4 Nc4 21. Bxc4 dxc4 22. e5 Ne4 23. Rd5 Qh4 24. Qg4 Qg3+ 25. Qxg3 Nxg3 26. Rfd1 Nxf5 27. Kf2 Ke7 28. Rd7+ Ke6 29. Rxb7 Rhd8 30. Rxd8 Rxd8 31. Rxa7 Rd3 32. Ra3 Rxa3 33. bxa3 Kd5 34. a4 Ke4 35. Bc5 Kd5 36. Bb4 f6 37. a5 Nd4 38. a6 Kc6 39. a7 Kb7 40. Bc5 Ne6 41. Be3 Nc7 42. Kf3 f5 43. Bc5 Ne6 44. Be3 Nc7 45. h4 g6 46. Ke2 Nd5 47. e6 c3 48. Kd3 c2 49. Bc1 Kxa7 50. Kc4 Nc7 51. e7 Kb6 52. a4 Kc6 53. a5 Kd7 54. Be3 h6 55. Kc5 Kxe7 56. Kc6 Kd8 57. Kb7 Kd7 58. Bc1 Kd6 59. a6 Nxa6 60. Kxa6 Kd5 61. Kb6 Ke4 62. Kc5 Kf3 63. Kd4 Kg4 64. Ke5 Kxh4 65. Kf6 Kg4 0-1

[Event "Krasnoyarsk Region-ch"]
[Site "Krasnoyarsk"]
[Date "2015.10.16"]
[Round "9"]
[White "Belmeskin, Ilia"]
[Black "Morin, Andrey"]
[Result "1-0"]
[WhiteElo "2220"]
[BlackElo "2067"]
[PlyCount "27"]
[EventDate "2015.10.??"]
[EventType "swiss"]
[EventRounds "11"]
[EventCountry "RUS"]
[SourceTitle "CBM 169 Extra"]
[Source "ChessBase"]
[SourceDate "2015.12.18"]
[SourceVersion "1"]
[SourceVersionDate "2015.12.18"]
[SourceQuality "1"]

1. d4 Nf6 2. c4 g6 3. Nc3 Bg7 4. Nf3 0-0 5. Bg5 c5 6. e3 cxd4 7. exd4 d5 8. c5 Nc6 9. Be2 Ne4 10. Be3 Qa5 11. Qb3 Nxd4 12. Bxd4 Bxd4 13. Nxd4 e5 14. Nf3 1-0

[Event "Krasnoyarsk Region-ch"]
[Site "Krasnoyarsk"]
[Date "2015.10.14"]
[Round "7"]
[White "Komov, Roman"]
[Black "Belmeskin, Ilia"]
[Result "1-0"]
[WhiteElo "2129"]
[BlackElo "2220"]
[PlyCount "118"]
[EventDate "2015.10.??"]
[EventType "swiss"]
[EventRounds "11"]
[EventCountry "RUS"]
[SourceTitle "CBM 169 Extra"]
[Source "ChessBase"]
[SourceDate "2015.12.18"]
[SourceVersion "1"]
[SourceVersionDate "2015.12.18"]
[SourceQuality "1"]

1. d4 d5 2. c4 e6 3. Nf3 c6 4. Nc3 dxc4 5. a4 Bb4 6. Bd2 Nf6 7. e3 Bxc3 8. Bxc3 Qd5 9. a5 c5 10. Qa4+ Bd7 11. Qxc4 cxd4 12. Bxd4 0-0 13. Qxd5 Nxd5 14. Ne5 Rc8 15. Be2 Be8 16. 0-0 Nc6 17. Nxc6 Bxc6 18. Rfc1 f6 19. Bg4 Kf7 20. h3 Rd8 21. a6 Rd7 22. axb7 Bxb7 23. Rxa7 Rb8 24. Be2 e5 25. Bc5 Rc7 26. b4 Kg6 27. Bc4 Rbc8 28. Bd3+ f5 29. g4 e4 30. gxf5+ Kxf5 31. Be2 Nf6 32. Rb1 g5 33. Bd4 h5 34. Rxb7 Rxb7 35. Ba6 Rcb8 36. Bxb7 Rxb7 37. Bxf6 Kxf6 38. b5 Rb6 39. Kg2 Ke5 40. h4 g4 41. Rb4 Kf5 42. Kf1 Ke5 43. Ke2 Kd5 44. Kd2 Rf6 45. Ke2 Rb6 46. Kd1 Ke5 47. Kc1 Kd5 48. Kb1 Ke5 49. Ka2 Rf6 50. Rb2 Rf8 51. Ka3 Kd6 52. Rc2 g3 53. fxg3 Rf3 54. Rc3 Rxg3 55. Kb4 Rg1 56. b6 Rb1+ 57. Rb3 Rd1 58. Kb5 Rd3 59. Kc4 Kc6 1-0

[Event "Krasnoyarsk Region-ch"]
[Site "Krasnoyarsk"]
[Date "2015.10.12"]
[Round "5"]
[White "Belmeskin, Ilia"]
[Black "Keosidi, Konstantin"]
[Result "1/2-1/2"]
[WhiteElo "2220"]
[BlackElo "2404"]
[PlyCount "172"]
[EventDate "2015.10.??"]
[EventType "swiss"]
[EventRounds "11"]
[EventCountry "RUS"]
[SourceTitle "CBM 169 Extra"]
[Source "ChessBase"]
[SourceDate "2015.12.18"]
[SourceVersion "1"]
[SourceVersionDate "2015.12.18"]
[SourceQuality "1"]

1. d4 d6 2. Nf3 Nf6 3. c4 g6 4. Nc3 Bf5 5. Nh4 Bd7 6. e4 e5 7. Nf3 exd4 8. Nxd4 Bg7 9. Be2 Nc6 10. 0-0 0-0 11. Be3 Re8 12. f3 Nh5 13. Qd2 Nf4 14. Bxf4 Nxd4 15. Bd1 Be6 16. Be3 c5 17. Qd3 a6 18. Ne2 b5 19. cxb5 axb5 20. Nxd4 Bc4 21. Qd2 Bxf1 22. Kxf1 cxd4 23. Bxd4 Bxd4 24. Qxd4 Qh4 25. Bb3 Qxh2 26. Qf6 Ra7 27. Rd1 Qe5 28. Rxd6 Qxf6 29. Rxf6 Rc8 30. Rb6 Rc1+ 31. Kf2 Rb1 32. g4 Kg7 33. Kg3 Rxb2 34. g5 h6 35. gxh6+ Kxh6 36. Rxb5 f6 37. Rb8 Rd2 38. Rb6 Kg7 39. Rc6 Rd3 40. Kf4 Re7 41. Bd5 Ra3 42. Bb3 Raa7 43. Bd5 Rec7 44. Rb6 Rc3 45. Bb3 Rac7 46. Bd5 Rd3 47. Rb7 Rxb7 48. Bxb7 Kf7 49. Bc6 Ke6 50. Bd5+ Kd6 51. Bf7 g5+ 52. Kg4 Ke5 53. Bb3 Rc3 54. Bf7 Rc1 55. Kg3 Kd4 56. Kg4 Rf1 57. Bd5 Rf2 58. a4 Ke5 59. Kg3 Rf1 60. Bc6 Ra1 61. Be8 Ra3 62. Kg4 Ra1 63. Kg3 Kd4 64. Kg4 Ke5 65. Kg3 Ra2 66. Bc6 Kd4 67. Kg4 Rf2 68. Bd5 Ke5 69. Kg3 Rf1 70. Bc6 Rd1 71. Be8 Ra1 72. Bc6 Kd6 73. Be8 Rg1+ 74. Kf2 Rh1 75. Kg3 Rc1 76. Kf2 Ke5 77. Kg3 Rc5 78. Bg6 Rc8 79. Bf7 Ra8 80. Bb3 Ra5 81. Kg4 Kd4 82. Kg3 Ke3 83. Kg4 Ra6 84. Bd1 Rd6 85. Bb3 Rd2 86. Bd5 Rd4 1/2-1/2

[Event "Krasnoyarsk Region-ch"]
[Site "Krasnoyarsk"]
[Date "2015.10.08"]
[Round "1"]
[White "Belmeskin, Ilia"]
[Black "Sholokhov, Anatoly"]
[Result "1-0"]
[WhiteElo "2220"]
[BlackElo "2048"]
[PlyCount "86"]
[EventDate "2015.10.??"]
[EventType "swiss"]
[EventRounds "11"]
[EventCountry "RUS"]
[SourceTitle "CBM 169 Extra"]
[Source "ChessBase"]
[SourceDate "2015.12.18"]
[SourceVersion "1"]
[SourceVersionDate "2015.12.18"]
[SourceQuality "1"]

1. c4 Nf6 2. Nf3 d6 3. d4 Nbd7 4. Nc3 e5 5. Bg5 Be7 6. e3 0-0 7. Be2 c6 8. Qc2 Re8 9. 0-0 a6 10. Rfd1 Qc7 11. Rac1 Nf8 12. b4 Bd7 13. dxe5 dxe5 14. c5 Be6 15. Bh4 Nd5 16. Bg3 f6 17. Nxd5 Bxd5 18. Nd2 Rad8 19. Nc4 Be6 20. f4 Bxc4 21. Qxc4+ Kh8 22. Qf7 Ng6 23. Bc4 Rf8 24. Qe6 exf4 25. exf4 f5 26. Re1 Rd2 27. Re3 Qd8 28. Be1 Rxg2+ 29. Kh1 Rg4 30. Bg3 Rf6 31. Rd3 Qb8 32. Qe3 Nxf4 33. Qxe7 Nxd3 34. Bxd3 Qf8 35. Qxb7 f4 36. Bf2 Qd8 37. Re1 Rf8 38. Qe7 Qxe7 39. Rxe7 f3 40. Be4 h6 41. Bg3 f2 42. Bxf2 Rxe4 43. Rxe4 Rxf2 1-0

[Event "Krasnoyarsk Marchko Memorial"]
[Site "Krasnoyarsk"]
[Date "2011.12.25"]
[Round "9"]
[White "Belmeskin, Ilia"]
[Black "Khegay, Dmitriy"]
[Result "1/2-1/2"]
[WhiteElo "2235"]
[BlackElo "2200"]
[PlyCount "40"]
[EventDate "2011.12.17"]
[EventType "tourn"]
[EventRounds "9"]
[EventCountry "RUS"]
[SourceTitle "EXT 2013"]
[Source "ChessBase"]
[SourceDate "2012.11.22"]
[SourceVersion "1"]
[SourceVersionDate "2012.11.22"]
[SourceQuality "1"]

1. d4 Nf6 2. Nf3 e6 3. c4 b6 4. e3 Bb7 5. Bd3 c5 6. 0-0 Be7 7. b3 0-0 8. Bb2 cxd4 9. Nxd4 d6 10. Nd2 Nbd7 11. Rc1 a6 12. Qe2 Re8 13. Rfd1 Qc7 14. b4 Rac8 15. a3 Qb8 16. Bb1 Bf8 17. N4b3 Bc6 18. Nd4 Bb7 19. N4b3 Bc6 20. Nd4 Bb7 1/2-1/2

[Event "Krasnoyarsk Marchko Memorial"]
[Site "Krasnoyarsk"]
[Date "2011.12.23"]
[Round "7"]
[White "Belmeskin, Ilia"]
[Black "Anikonov, Dmitry"]
[Result "1/2-1/2"]
[WhiteElo "2235"]
[BlackElo "2000"]
[PlyCount "90"]
[EventDate "2011.12.17"]
[EventType "tourn"]
[EventRounds "9"]
[EventCountry "RUS"]
[SourceTitle "EXT 2013"]
[Source "ChessBase"]
[SourceDate "2012.11.22"]
[SourceVersion "1"]
[SourceVersionDate "2012.11.22"]
[SourceQuality "1"]

1. d4 d5 2. Nf3 c6 3. e3 Bf5 4. c4 Nf6 5. cxd5 cxd5 6. Qb3 Qc8 7. Nc3 e6 8. Nh4 Bg4 9. h3 Bh5 10. g4 Bg6 11. Bg2 Nc6 12. Nxg6 hxg6 13. 0-0 Bd6 14. Rd1 0-0 15. e4 dxe4 16. Nxe4 Nxe4 17. Bxe4 Qc7 18. Be3 Bh2+ 19. Kh1 Bf4 20. Rac1 Bxe3 21. Qxe3 Rad8 22. Rc4 Rd6 23. Rdc1 Qb6 24. Bxc6 bxc6 25. b3 Rfd8 26. Qf3 Rxd4 27. Rxc6 Qb7 28. R1c3 Qb5 29. Rc7 Rd1+ 30. Kh2 Qe5+ 31. Kg2 f5 32. Rc8 R1d7 33. Qa8 Qxc3 34. Rxd8+ Rxd8 35. Qxd8+ Kh7 36. Qd7 fxg4 37. hxg4 Qa5 38. a4 Qb6 39. Qd3 e5 40. Qc4 Qb7+ 41. Kg1 Qf3 42. a5 e4 43. Qe6 Qd1+ 44. Kh2 Qf3 45. Kg1 Qd1+ 1/2-1/2

[Event "Krasnoyarsk Marchko Memorial"]
[Site "Krasnoyarsk"]
[Date "2011.12.18"]
[Round "2"]
[White "Keosidi, Konstantin"]
[Black "Belmeskin, Ilia"]
[Result "1/2-1/2"]
[WhiteElo "2390"]
[BlackElo "2235"]
[PlyCount "77"]
[EventDate "2011.12.17"]
[EventType "tourn"]
[EventRounds "9"]
[EventCountry "RUS"]
[SourceTitle "EXT 2013"]
[Source "ChessBase"]
[SourceDate "2012.11.22"]
[SourceVersion "1"]
[SourceVersionDate "2012.11.22"]
[SourceQuality "1"]

1. d4 Nf6 2. c4 c5 3. d5 e6 4. Nc3 exd5 5. cxd5 d6 6. e4 Be7 7. Nf3 0-0 8. h3 Re8 9. Bd3 a6 10. a4 Nbd7 11. 0-0 Rb8 12. Bf4 Nf8 13. Re1 Ng6 14. Bh2 Bd7 15. a5 Bf8 16. Nd2 Ne5 17. Bf1 Bc8 18. f4 Ng6 19. Nc4 Nd7 20. e5 b5 21. axb6 Nxb6 22. Nxd6 Bxd6 23. exd6 Rxe1 24. Qxe1 f5 25. Bxa6 Qxd6 26. Qe8+ Qf8 27. Qxf8+ Nxf8 28. Bd3 g6 29. b3 Bb7 30. Kf1 Nfd7 31. Bg1 Nxd5 32. Bc4 N7b6 33. Nxd5 Bxd5 34. Be2 Bxb3 35. Bxc5 Bc4 36. Bd4 Rb7 37. Rb1 Re7 38. Bxc4+ Nxc4 39. Rb4 1/2-1/2

[Event "Krasnoyarsk op"]
[Site "Krasnoyarsk"]
[Date "2011.10.08"]
[Round "10"]
[White "Belmeskin, Ilia"]
[Black "Keosidi, Konstantin"]
[Result "1/2-1/2"]
[WhiteElo "2220"]
[BlackElo "2376"]
[PlyCount "81"]
[EventDate "2011.09.29"]
[EventType "swiss"]
[EventRounds "11"]
[EventCountry "RUS"]
[SourceTitle "EXT 2013"]
[Source "ChessBase"]
[SourceDate "2012.11.22"]
[SourceVersion "1"]
[SourceVersionDate "2012.11.22"]
[SourceQuality "1"]

1. d4 d5 2. c4 c6 3. Nc3 Nf6 4. Nf3 dxc4 5. a4 e6 6. Bg5 Bb4 7. e4 Bxc3+ 8. bxc3 Qa5 9. e5 Ne4 10. Rc1 b5 11. Qc2 Nxg5 12. Nxg5 h6 13. Ne4 0-0 14. g4 Qd8 15. g5 Nd7 16. h4 h5 17. Be2 Bb7 18. Bxh5 c5 19. Bf3 cxd4 20. cxd4 Qa5+ 21. Ke2 b4 22. Nf6+ Nxf6 23. Bxb7 Nd5 24. Bxa8 Nc3+ 25. Kf1 Rxa8 26. h5 Qd5 27. Rh4 Qf3 28. Qd2 Ne4 29. Qf4 Qxf4 30. Rxf4 Nc3 31. Rf3 Rd8 32. g6 fxg6 33. hxg6 Rd7 34. Rcxc3 bxc3 35. Rxc3 Rxd4 36. Ke2 Re4+ 37. Kf3 Rxe5 38. Rxc4 Kf8 39. Rf4+ Kg8 40. Rc4 Kf8 41. Rf4+ 1/2-1/2

[Event "Krasnoyarsk op"]
[Site "Krasnoyarsk"]
[Date "2011.10.03"]
[Round "5"]
[White "Belmeskin, Ilia"]
[Black "Grigorian, Marine"]
[Result "1/2-1/2"]
[WhiteElo "2220"]
[BlackElo "2190"]
[PlyCount "73"]
[EventDate "2011.09.29"]
[EventType "swiss"]
[EventRounds "11"]
[EventCountry "RUS"]
[SourceTitle "EXT 2013"]
[Source "ChessBase"]
[SourceDate "2012.11.22"]
[SourceVersion "1"]
[SourceVersionDate "2012.11.22"]
[SourceQuality "1"]

1. d4 d5 2. c4 c6 3. Nf3 Nf6 4. Qc2 g6 5. Bg5 Bg7 6. e3 0-0 7. Be2 dxc4 8. Bxc4 Bf5 9. Qb3 Qb6 10. Nc3 h6 11. Bh4 Nbd7 12. h3 Qxb3 13. Bxb3 Rfe8 14. Ne5 Nxe5 15. dxe5 Nd5 16. Bxd5 cxd5 17. Nxd5 g5 18. Bg3 Rac8 19. Nc3 Rc5 20. f4 f6 21. e4 gxf4 22. Bxf4 Bg6 23. 0-0 fxe5 24. Be3 Rc4 25. Bxa7 Bxe4 26. Nxe4 Rxe4 27. Bc5 Rc8 28. Rac1 Re2 29. Rf2 Rxf2 30. Kxf2 e4 31. Be3 Ra8 32. Rc7 Rxa2 33. Rxb7 Bxb2 34. Ra7 Rxa7 35. Bxa7 Bc1 36. Be3 Bxe3+ 37. Kxe3 1/2-1/2